00953nam a2200193 a 4500008004100000020001500041050001600056100001800072245003700090260002800127300001600155350000900171650002400180995016400204995013800368999001700506952013500523952010100658120416s1969 ||||||||||||||||| || u a0435835904 aBL 2400 Mbi aMbiti, John S10aAfrican religions and philosophy aLondonbHeinemannc1969 axiii, 290p. a0.00 aPhilosophy, African aMAIN LIBRARY OPEN ACCESSD0.00e731723FCBU-MAIN LIBRARY (Kitwe)H2I2.25jBL 2400 MbiM2UAVAILABLEWJul 31, 2006y029264ZMain Library Open Access Collection aBINDERY (DAMAGED)D0.00e716255FCBU-MAIN LIBRARY (Kitwe)H1I2.25jBL 2400 MbiUDAMAGEDy001111ZMain Library Open Access Collection c83807d83807 00102lcc4070a001b001cMain Library Open Access Collectiond2024-01-08l0oBL 2400 Mbip029264r2024-01-08t1w2024-01-08y002 00102lcc41708BINDa001b001d2024-01-08oBL 2400 Mbip001111r2024-01-08t2w2024-01-08y002